Aproximacin̤ a la cooperacin̤ internacional en seguridad alimentaria de Naciones Unidas en el Choc,̤ a partir de la Teora̕ postcolonialista

Bibliographic Details
Main Author: Arrieta Zambrano, Mn̤ica
Other Authors: Sua Salazar, Sandra Milena
Format: eBook
Language:Spanish
Published: Barcelona : Editorial vLex, 2012
Subjects:
Online Access:http://www.vlex.com/source/10925

MARC

LEADER 00000nam a22000007a 4500
005 20130328171328.0
007 cr|||| ||||
008 130328e2012 sp |||||s|||| 00||0 spa d
035 |a 10925 
040 |a vLex  
090 |c 4078  |d 4078 
100 1 0 |a Arrieta Zambrano, Mn̤ica 
245 1 0 |a Aproximacin̤ a la cooperacin̤ internacional en seguridad alimentaria de Naciones Unidas en el Choc,̤ a partir de la Teora̕ postcolonialista  |c / Mn̤ica Arrieta Zambrano, Sandra Milena Sua Salazar   |h [Recurso electrn̤ico] 
256 |a Servicio en ln̕ea 
260 |a Barcelona :  |b Editorial vLex,   |c 2012  
300 |a 1 Recurso electrn̤ico 
506 |a Contenido solo disponible en los productos indicados  |d vLex Global  |d vLex Global (Academic Edition, excluding Law Schools)  |d vLex Global (U.S. Academic Edition, Law Schools)  |d vLex Global (U.S. Academic Edition, excluding Law Schools)  |d vLex Global (Academic Edition, Law Schools) 
650 0 4 |a Derecho internacional   |z Amřica Latina 
650 0 4 |a Cooperacin̤ internacional  |z Amřica Latina 
700 1 0 |a Sua Salazar, Sandra Milena  
740 |a vLex Libros (Servicio en ln̕ea) 
856 |a Acceso restringido  |u http://www.vlex.com/source/10925 
942 |c BOOK 
999 0 |a International law